000 00341pab a2200145 454500
008 180718b2005 xxu||||| |||| 00| 0 eng d
100 _aBose, Ashish
245 _aRevisiting ground zero
260 _c2005
300 _ap.3121-123.
362 _a16 Jul
650 _aTerrorism
773 _aEconomic and Political Weekly
909 _a66349
999 _c66349
_d66349